Teorija U-statistik
Gespeichert in:
| 1. Verfasser: | |
|---|---|
| Weitere Verfasser: | |
| Format: | Buch |
| Sprache: | Russisch |
| Veröffentlicht: |
Kijev
Naukova dumka
1989
|
| Ausgabe: | 1. izd. |
| Tags: |
Keine Tags, Fügen Sie das erste Tag hinzu!
|
MARC
| LEADER | 00000nam a2200000 4500 | ||
|---|---|---|---|
| 001 | c032584 | ||
| 005 | 20221215140100.0 | ||
| 041 | 0 | |a rus | |
| 044 | |a UA | ||
| 245 | 1 | 0 | |a Teorija U-statistik |c Vladimir Semenovič Koroljuk, Jurij Vasil'jevič Borovskich |
| 250 | |a 1. izd. | ||
| 264 | 1 | |a Kijev |b Naukova dumka |c 1989 | |
| 300 | |a 383 s. | ||
| 100 | 1 | |a Koroljuk, Vladimir Semenovič | |
| 700 | 1 | |a Borovskich, Jurij Vasil'jevič | |